| 000 | 00405nam a2200169Ia 4500 | ||
|---|---|---|---|
| 008 | 230524s9999 xx 000 0 und d | ||
| 020 | _a8186062000 | ||
| 082 |
_a415 _bAND |
||
| 100 | _aCatherine Schwarz | ||
| 245 | 0 | _aChambers Concise Dictionary | |
| 250 | _a2ND | ||
| 260 |
_aNEW DELHI _bAllied Chambers _c2005 |
||
| 300 | _a1984 | ||
| 500 | _aQuantity Number: 4 | ||
| 650 | _aEnglish | ||
| 942 | _cBK | ||
| 999 |
_c4846 _d4846 |
||